Zneužitie doménových mien v nekalej súťaži
Internet ako jeden z najdôležitejších komunikačných nástrojov. Využívanie moderných technológií a médií v hospodáskej súťaži. Protiprávne postupy a praktiky v súvislosti s doménami. Predpoklady doménových sporov.
Gespeichert in:
| 1. Verfasser: | |
|---|---|
| Format: | Buchkapitel |
| Sprache: | Slowakisch |
| Schlagworte: | |
| Tags: |
Keine Tags, Fügen Sie das erste Tag hinzu!
|
MARC
| LEADER | 00000naa a2200000 4500 | ||
|---|---|---|---|
| 001 | 0238655 | ||
| 005 | 20220719123936.6 | ||
| 041 | 0 | |a slo | |
| 044 | |a SK | ||
| 245 | 1 | 0 | |a Zneužitie doménových mien v nekalej súťaži |c Ľubomír Zlocha |
| 520 | |a Internet ako jeden z najdôležitejších komunikačných nástrojov. Využívanie moderných technológií a médií v hospodáskej súťaži. Protiprávne postupy a praktiky v súvislosti s doménami. Predpoklady doménových sporov. | ||
| 610 | 2 | 0 | |a technológie informačné |
| 610 | 2 | 0 | |a technológie komunikačné |
| 610 | 2 | 0 | |a internet |
| 610 | 2 | 0 | |a súťaž hospodárska |
| 610 | 2 | 0 | |a súťaž nekalá |
| 610 | 2 | 0 | |a úpravy právne |
| 610 | 2 | 0 | |a Slovensko |
| 100 | 1 | |a Zlocha, Ľubomír, 1988- | |